000 00686nam a22002177a 4500
999 _c3415
_d3415
003 AR-CdUCM
008 190306b ||||| |||| 00| 0 spa d
040 _aMUNICIPALIDAD PROVINCIAL DEL CUSCO
_cBIBLIOTECA MUNICIPAL DEL CUSCO
082 _a868.67 /
_bJ61
100 _aJiménez, Juan Ramón
_911263
245 _aAntología :
_bPara niños y adolescentes /
260 _aBuenos Aires :
_bLosada,
_c1950.
300 _a235 paginas ;
_b17 cm.
500 _a(antología poética)
650 _aPoesía infantil
_95555
650 _aPoesía para adolescentes
_911264
650 _aPoesía Argentina
_91657
700 _aBorges, Norah
_911265
942 _2ddc
_cLIBROS
945 _arah